Calculus I early transcendental funcstion.

Bibliographic Details
Main Author: Larson, Ron
Format: Section = Libro
Language:Undetermined
Spanish
Published: Boston Houghton Mifflin Company 2007
Edition:5a.ed.
Subjects:
LEADER 00582nam a2200217Ia 4500
008 240829s9999 xx 000 0 und d
020 |a 978-0-618-60626 
040 |a BIBLIOTECA-RUSB/ 515 L318 
041 |a spa 
082 |a 515 L318 
100 1 |a Larson, Ron 
245 1 0 |a Calculus I early transcendental funcstion. 
250 |a 5a.ed. 
260 |a Boston  |b Houghton Mifflin Company  |c 2007 
300 |a 550 p. :il. 
650 7 |a TRIGONOMETRIA 
650 7 |b  MATRICES MATEMATICAS 
650 7 |c  GEOMETRIA ANALITICA. Hostetler, Robert 
942 |c BK  |2 ddc 
991 |a TEXTO 
999 |c 1581